000
00189nam a2200085 4500
001
1257541
005
20260216105610.0
245
_a
son koleksiyoncu
_c
almıla aydın
260
_b
altın kitaplar
999
_c
1257541
_d
1257541